[Event "Milan Province-ch"]
[Site "Milan"]
[Date "2013.01.27"]
[Round "6"]
[White "Russo, Luca"]
[Black "Ruggeri, Igor"]
[Result "1-0"]
[WhiteElo "1551"]
[BlackElo "1601"]
[PlyCount "123"]
[EventDate "2013.01.24"]
[EventType "swiss"]
[EventRounds "6"]
[EventCountry "ITA"]
[SourceTitle "EXT 2014"]
[Source "ChessBase"]
[SourceDate "2013.11.20"]
[SourceVersion "1"]
[SourceVersionDate "2013.11.20"]
[SourceQuality "1"]

1. d4 Nf6 2. c4 g6 3. Nc3 Bg7 4. e4 d6 5. Nf3 0-0 6. Be2 c5 7. d5 e6 8. 0-0 exd5 9. exd5 Bg4 10. Bf4 Nh5 11. Bd2 Nd7 12. h3 Bxf3 13. Bxf3 Nhf6 14. Rc1 Ne5 15. Be2 a6 16. f4 Ned7 17. Qc2 Ne8 18. Ne4 f5 19. Ng5 Bd4+ 20. Kh1 Nc7 21. Rce1 Qf6 22. Qb3 Rab8 23. Bd3 b5 24. cxb5 axb5 25. Ne6 c4 26. Bxc4 bxc4 27. Qxc4 Nxe6 28. dxe6 Nb6 29. Qc7 Nd5 30. Qxd6 Ne7 31. b4 Rbd8 32. Qa6 Ra8 33. Qc4 Rfc8 34. Qb3 Rc7 35. Rc1 Rca7 36. Rc2 Ra3 37. Qc4 Kg7 38. b5 Rc8 39. Qxc8 Nxc8 40. Rxc8 Qxe6 41. Rfc1 Qe2 42. Bb4 Rxa2 43. Bf8+ Kf7 44. R1c7+ Ke6 45. Re8+ Kd5 46. Rxe2 Rxe2 47. Rxh7 Re1+ 48. Kh2 Bg1+ 49. Kg3 Re3+ 50. Kh4 Bf2+ 51. Kg5 Rg3+ 52. Kh6 Rxg2 53. Rg7 Ke4 54. Bd6 Rg3 55. Rxg6 Rxh3+ 56. Kg7 Rb3 57. Re6+ Kd5 58. Kf7 Bd4 59. Be5 Rxb5 60. Rd6+ Kc4 61. Rxd4+ Kc5 62. Kg6 1-0

[Event "Milan Province-ch"]
[Site "Milan"]
[Date "2013.01.27"]
[Round "5"]
[White "Tramontano, Fulvio"]
[Black "Russo, Luca"]
[Result "0-1"]
[WhiteElo "1428"]
[BlackElo "1551"]
[PlyCount "46"]
[EventDate "2013.01.24"]
[EventType "swiss"]
[EventRounds "6"]
[EventCountry "ITA"]
[SourceTitle "EXT 2014"]
[Source "ChessBase"]
[SourceDate "2013.11.20"]
[SourceVersion "1"]
[SourceVersionDate "2013.11.20"]
[SourceQuality "1"]

1. e4 d5 2. exd5 Qxd5 3. Nc3 Qa5 4. Nf3 c6 5. a3 Nf6 6. b4 Qc7 7. Bc4 Bg4 8. 0-0 e6 9. d4 Bd6 10. g3 h5 11. Be2 Nbd7 12. Ng5 Bf5 13. Na4 Ng4 14. c4 Nxh2 15. Re1 Ng4 16. f4 Ndf6 17. c5 Be7 18. Nf3 Nd5 19. Nh4 Bxh4 20. gxh4 Nxf4 21. Qb3 Nd3 22. Bxg4 Qg3+ 23. Kh1 Nf2# 0-1